01021nam a2200241 a 450000100100000000500170001000800410002702000180006804000250008608200160011110000330012724500250016026000570018530000210024249000210026350000700028459000260035483000280038095201200040895201140052895201200064299900170076200004884220201002061441.0190416s2016 dr 000 f spa d a9789945581751 aDO-SdBNPbspacBNPHU axxxxbC824m1 aCorrea, Oscar,d1937-97629410aMoi /cOscar Correa. aSan Juan, Puerto Rico :bIsla Negra Editores,c2016. a109 p. ;c22 cm.1 aEspalda de papel aIncluye datos biográficos del autor en la solapa de la cubierta aInventariado, 2019/LP 0aEspalda de papel926625 0010718DSaGRbGRcHDd2019-04-16iLF1l0oxxxx C824mp48842-30r2020-06-25te. 3w2020-06-25yLFDSZNo se presta 0010718PDaPDbPDcHDd2019-04-16iLF1l0oxxxx C824mp48842-10r2020-06-25w2020-06-25yLFPDZNo se presta 0010718PDaPDbPDcHDd2019-04-16iLF1l0oxxxx C824mp48842-20r2020-06-25te. 2w2020-06-25yLFPDZNo se presta c48330d48330